000 00536nam a22001937a 4500
003 OSt
005 20180116183016.0
008 150921b xxu||||| |||| 00| 0 eng d
020 _a9788126908790
040 _c0
082 _a658.4092 SIN 2013
100 _aSanjeev Kumar Singh
245 _aHuman Resource development
_bHRD-IR Interface Approach
_cSanjeev Kumar Singh
260 _aNew Dilhi
_bAtlantic
_c2013
300 _a233 P.
_bHB
440 _aHuman Resource development
600 _aSanjeev Kumar Singh
942 _2ddc
_cBK
999 _c350380
_d350380